Кн. 1: Род Волка; Каменный век

Detalles Bibliográficos
Parent link:Каменный век/ С. Щепетов. Кн. 1: Род Волка.— , 2006
Summary:При испытаниях нового прибора для изучения слоев горных пород произошла авария. Семену Васильеву осталось только завидовать своим товарищам: они погибли сразу, а он оказался заброшен на десятки тысяч лет назад — в приледниковую степь, где бродят мамонты, носороги и саблезубые тигры. Где сошлись в смертельной схватке две расы, которых потомки назовут неандертальцами и кроманьонцами. Семен не новичок в тайге и тундре — он геолог с многолетним стажем, но сейчас у него ничего нет, кроме старого перочинного ножа и любви к жизни. Он научится убивать мамонтов и побеждать в схватках с троглодитами, но этого недостаточно, чтобы стать полноценным мужчиной-воином первобытного племени. Необходимо пройти главное испытание: умереть и родиться снова...
Idioma:ruso
Publicado: 2006
Subjects:
Formato: MixedMaterials Libro
KOHA link:https://koha.lib.tpu.ru/cgi-bin/koha/opac-detail.pl?biblionumber=113489

MARC

LEADER 00000nam2a2200000 4500
001 113489
005 20231031121827.0
010 |a 5971701274 
035 |a (RuTPU)RU\TPU\book\122744 
090 |a 113489 
100 |a 20070411d2006 m y0rusy50 ca 
101 0 |a rus 
102 |a RU 
105 |a y z 000ay 
200 0 |a Кн. 1: Род Волка 
210 |d 2006 
215 |a 384 с. 
330 |a При испытаниях нового прибора для изучения слоев горных пород произошла авария. Семену Васильеву осталось только завидовать своим товарищам: они погибли сразу, а он оказался заброшен на десятки тысяч лет назад — в приледниковую степь, где бродят мамонты, носороги и саблезубые тигры. Где сошлись в смертельной схватке две расы, которых потомки назовут неандертальцами и кроманьонцами. Семен не новичок в тайге и тундре — он геолог с многолетним стажем, но сейчас у него ничего нет, кроме старого перочинного ножа и любви к жизни. Он научится убивать мамонтов и побеждать в схватках с троглодитами, но этого недостаточно, чтобы стать полноценным мужчиной-воином первобытного племени. Необходимо пройти главное испытание: умереть и родиться снова... 
461 1 |0 (RuTPU)RU\TPU\book\123222  |t Каменный век  |f С. Щепетов  |v Кн. 1: Род Волка  |d 2006  |s Мужской клуб 
610 1 |a русская литература 
610 1 |a романы 
610 1 |a фантастика 
675 |a Р2  |v 3 
801 1 |a RU  |b 63413507  |c 20070411  |g PSBO 
801 2 |a RU  |b 63413507  |c 20070507  |g PSBO 
942 |c BK